Statystyki dla League of Legends - Targon

Kliknij tutaj aby rozwiązać quiz!

Ogólne statystyki

  • Ten quiz został rozwiązany 342 razy
  • Średni wynik to 5 z 7

Statystyki odpowiedzi

Odpowiedź% Poprawnych
Aurelion Sol
82%
Leona
82%
Taric
81%
Diana
80%
Pantheon
77%
Zoe
69%
Soraka
50%

Rozkład punktacji

Percentyl według liczby udzielonych odpowiedzi

Procent ludzi z każdym wynikiem

Twoja historia wyników

Nie rozwiązałeś tego quizu